Quizzes
Events
Quiz Creation
Community
Videos
Private Events
Remove Ads
Sign In
Join for FREE
Feedback
Dark Mode
Quiz Categories
Sports
Geography
Music
Movies
Television
Just For Fun
Miscellaneous
History
Literature
Language
Science
Gaming
Entertainment
Religion
Holiday
For Kids
Quiz Lab
Recent
Popular Today
Quiz Kudos Today
Editor Picks
Curator Picks
Quizzes by...
Day
Popularity
Type
Ratings
Length
Year
Community
Subscriptions
Recent Discussions
Orange Saloon
Badges
Playlists
Quests
Create
Leaderboards
Showdown
Live 5
Trivia Bingo
Activity
Puzzle Library
Sporcle Events
Private Events
Virtual Trivia
Globe League
Become a Host
Pub Owners
SporcleCon
Opinionation
Our Games
Videos
Blog
Mobile Apps
Partnerships
Remove Ads and Go Orange
Feedback
Miscellaneous
Crossword
General Knowledge
Baby Names
Logo
Food
Cars
Numbers
Grab Bag
University
College
Popular
Company
Slogans
Restaurants
Justice
Letter
Miscellaneous
Crossword
General Knowledge
Baby Names
Logo
Food
Cars
Numbers
Grab Bag
University
College
Popular
Company
Slogans
Restaurants
Justice
Letter
Random Quiz
Search Sporcle
×
Quiz Lab
Quiz Lab
Miscellaneous
Tablet
Type in answers that appear in a list
Type in answers that appear in a list
Classic
Best Score? Go Orange.
Tablets Stats
Can you name the current tablets?
By
HelloR
10m
18 Questions
23 Plays
23 Plays
23 Plays
Comments
Comments
Give Quiz Kudos
Give Quiz Kudos
-
- Ratings
hide this ad
More Info
Replay
Link that replays current quiz
Next Quiz
Link to next quiz in quiz playlist
You Got
0%
They Got
Avg Score
9%
Avg Friend Score
Upgrade to see
Score Distribution
Jump to the score distribution portion of the page
Score
0/18
Timer
10:00
0
Plays Today
Brand
Tablet
% Correct
Apple
Ipad
100%
Dell
Latitude XT2
4.3%
Fujitsu
LifeBook T4310
4.3%
Fujitsu
LifeBook T4410
4.3%
Fujitsu
LifeBook T1010
4.3%
Fujitsu
LifeBook T2020
4.3%
Fujitsu
LifeBook T5010
4.3%
Fujitsu
LifeBook P1630
4.3%
Fujitsu
LifeBook U820
4.3%
Brand
Tablet
% Correct
Fujitsu
Stylistic ST601
4.3%
HP
EliteBook 2730p
4.3%
HP
TouchSmart tx2z
4.3%
Leveno
x200
4.3%
Motion Computing
J3400
4.3%
Motion Computing
F5 Mobile Field Tool
4.3%
Motion Computing
C5 Clinical Assistant
4.3%
TabletKiosk
Sahara i440D
4.3%
Toshiba
M750
4.3%
Quiz Playlist
Details
Report
Send in Message
Add To Playlist
More Info:
This is not easy!
Classic:
Type in answers that appear in a list
Quiz Source
Last Updated: Feb 16, 2017
Quiz Scoreboard
CHALLENGE
Sign Up to Join the Scoreboard
Show All
Scores
Hide
Comments
May contain spoilers
Recently Published
NBA Finals Game Top Scorers (2010s)
by flibbidy
Sports
5m
Guess the 'R' Things in 3 Words
by MSUKent
Miscellaneous
3m
Actor to Badly Drawn Movie III
by MoMosMoProblems
Movies
5m
More to Explore
Quiz From the Vault
Featured Blog Post
Where Does Lost Luggage Go?
hide this ad
You Might Also Like...
Tags
brand
Tablet
Today's Top Quizzes in Miscellaneous
Browse Miscellaneous
hide this ad
Today's Top Quizzes in Tablet
Browse Tablet
Top Contributed Quizzes in Miscellaneous
1
The JOE quick-fire general knowledge quiz: Day 166
2
The JOE quick-fire general knowledge quiz: Day 165
3
Guess the 'S' Things in 3 Words
4
Guess the 'T' Things in 3 Words
5
Guess the 'V' Things in 3 Words
6
Guess the 'W' Things in 3 Words
7
Guess the 'Y' Things in 3 Words
8
Sporcle Acrostic Puzzle XXXV
9
The JOE quick-fire general knowledge quiz: Day 164
10
Sunday Crossword: Under the Bridge
Explore More
Trending Topics
Harry Potter
Kpop
Marvel
NBA
Disney
Crossword
Anime
Soccer
WWE
Song
Country
Puzzle
Pokémon
The Office
NFL
hide this ad
More By:
HelloR
Quiz
Plays
Rating
Category
Featured
Created
Foods that start with 'L'
2,400
2.00
Just For Fun
Dec 18, 2009
Types of Cookies
750
2.83
Just For Fun
Nov 20, 2009
XBOX 360 Best-selling games
425
2.11
Gaming
Dec 14, 2009
Types of Monopoly
141
1.29
Gaming
Jan 13, 2010
Tablets
23
3.00
Miscellaneous
Jan 28, 2010
Go to Creator's Profile
Score Distribution
Quiz Creator Spotlight
HelloR
Follow
Send a Message
Quizzes Created
-
Created Quiz Play Count
-
More By This Creator
Popular Quizzes Today
1
Find the US States - No Outlines Minefield
2
Find the US States
3
The Countries of the World
4
10 Largest US States in Order
5
Find the Countries of Europe - No Outlines Minefield
6
US States
7
Guess the 'R' Things in 3 Words
8
NBA Finals Game Top Scorers (2010s)
More Miscellaneous Quizzes
Numerical Company Names
Curator's Pick
Trending Quizzes
First Name TV: Leading Men
Match the Book to the Film II
3-Word Movies in 1 Word II
First Name TV: Leading Women Drama
Match the Book to the Film VI
Recently Updated
Women's Final Four Teams by Year
bhenderson79
Presidents Quartet II
eogle
Anything But Clue(do)
eogle
Anything But Oceanian Capitals
eogle
Anything But 7
eogle
Anything But Thing
eogle
Word Ladder: February 29
pecheneg
Song Title Questions
pecheneg
Women's NCAA Tournament #1 Seeds
pecheneg
Celebrity Mug Shots
pecheneg
Trending Topics
Disney
Harry Potter
Anime
NBA
Marvel
Crossword
Kpop
Country
The Office
NFL
WWE
Pokémon
Puzzle
Soccer
Song
Your Account Isn't Verified!
In order to create a playlist on Sporcle, you need to verify the email address you used during registration. Go to your
Sporcle Settings
to finish the process.
Report this User
Report this user for behavior that violates our
Community Guidelines
.
Details:
Send Report
Go to the Sporcle.com Mobile Site →
Comments